Návrh plánu údržby a štandardov autonómnej údržby pre CNC frézovačku

Salvato in:
Dettagli Bibliografici
Autore principale: Denkóci, Jozef (Autore)
Altri autori: Červeňan, Andrej (Relatore della tesi)
Natura: Manoscritto Libro
Lingua:slovacco
Pubblicazione: 2024
Soggetti:
Accesso online:http://is.stuba.sk/zp/portal_zp.pl?podrobnosti=179287
Tags: Aggiungi Tag
Nessun Tag, puoi essere il primo ad aggiungerne!!

MARC

LEADER 00000ntm a22000003a 4500
001 stuzp99969
003 SK-STU
005 20241105101808.2
007 ta
008 150427s2015----xo-----f-mn---000-0-slo-d
040 |a STU  |b slo 
041 0 |a slo 
100 1 |a Denkóci, Jozef  |u 020070  |4 aut  |U SjF Strojnícka fakulta  |T SjF Ústav výrobného inžinierstva a kvality produkcie  |X 110723  |U J0070  |Y 804  |7 110723 
242 0 1 |a Draft of maintenance plan and autonomous maintenance standards for CNC milling machine  |y eng 
245 1 0 |a Návrh plánu údržby a štandardov autonómnej údržby pre CNC frézovačku 
260 |c 2024 
650 4 |a frézovacie centrum  |2 slo 
650 4 |a operátor  |2 slo 
650 4 |a údržba  |2 slo 
650 4 |a operator  |2 eng 
650 4 |a milling center  |2 eng 
650 4 |a maintenance  |2 eng 
700 1 |a Červeňan, Andrej  |u 020070  |k Z1  |4 ths  |U SjF Strojnícka fakulta  |T SjF Ústav výrobného inžinierstva a kvality produkcie  |X 2273  |U J0070  |Y 804  |7 A000002273 
856 4 |u http://is.stuba.sk/zp/portal_zp.pl?podrobnosti=179287 
996 |b 284J047617  |c J* 3712/DBP  |l JJSK  |s A  |a 24  |w stuzp99969_0001